000 02521nab a2200253 i 4500
003 BR-BrBNA
005 20250131112550.0
008 250131b2012 bl.qr|pooa||| 00| 0 por |
040 _aBR-BrBNA
_bpor
072 _aF70
100 _aPimenta, Karena Mendes
100 _aDórea, Marcos da Costa
100 _aOliveira, Reyjane Patrícia de
245 _aPanicoideae (Poaceae) em remanescentes florestais do sul da Bahia: aspectos taxonômicos e ecológicos
500 _aPublicação on-line; 41 ref.; 9 illus.; Summaries (En, Pt)
520 _a Resumo Esse trabalho consiste no levantamento das espécies de Panicoideae (Poaceae) em remanescentes de Mata Atlântica no sul do estado da Bahia. As coletas foram realizadas entre os anos de 2007 e 2010, concentrando-se nos bordos e no interior dos três maiores remanescentes florestais da Reserva Ecológica da Michelin (Mata da Vila 5, Pancada Grande e Pacangê). Foram confirmadas 24 espécies em 11 gêneros, sendo Ichnanthus P. Beauv. e Paspalum L. os mais representativos, com cinco e oito espécies, respectivamente. Uma chave de identificação para gêneros e espécies é apresentada, assim como descrições, ilustrações e dados ecológicos, contribuindo para o conhecimento das espécies florestais de Poaceae do Brasil. Palavras-chave: Gramineae, florística, Mata Atlântica. Abstract We present a floristic survey of Panicoideae (Poaceae) in remnants of Atlantic Forest in Southern Bahia State, Brazil, in the Michelin Ecological Reserve. Collections were made from 2007 to 2010, focusing on the borders and interior of the three major forest fragments (Vila 5, Pancada Grande and Pacangê). Twenty four species in 11 genera were found, being Ichnanthus P. Beauv. and Paspalum L. the most representative, with five and eight species, respectively. An identification key to genera and species is presented, as well as descriptions, illustrations and ecological data, increasing the knowledge on Poaceae from Brazilian forests. Key words: Gramineae, floristic survey, Atlantic Forest.
650 _aGRAMINEAE
650 _aCOMPOSIÇÃO BOTÂNICA
650 _aMATA ATLÂNTICA
773 0 _0709
_9348179
_dRio de Janeiro-RJ Jardim Botanico do Rio de Janeiro 1935
_o2025-0668
_tRodriguésia (Brazil)
_x0370-6583; 2175-7860 on-line
_gv. 63(4) p. 933-955; (2012)
_wBR2024003002
856 _uhttps://www.scielo.br/j/rod/a/KXmhHKSHgKfhT56MXnDHwYt/?format=pdf&lang=pt
942 _cANA
999 _c329770
_d329770